LEADER 01029nam0-22003371i-450- 001 990003284550403321 005 20100226122918.0 035 $a000328455 035 $aFED01000328455 035 $a(Aleph)000328455FED01 035 $a000328455 100 $a20030910d1968----km-y0itay50------ba 101 0 $afre 102 $aFR 105 $ay-------001yy 200 1 $a<>enseignement de la Géographie au niveau universitaire$fJ. Tricart 210 $aParis$cColin-Bourellier$d1968 215 $a91 p.$d24 cm 225 1 $a<>Éducation en Europe$iSérie 1.$eenseignement supérieur et recherche$v6 610 0 $aGeografia Didattica 676 $a042.001 700 1$aTricart,$bJean$f<1920-2003>$032927 801 0$aIT$bUNINA$gRICA$2UNIMARC 901 $aBK 912 $a990003284550403321 952 $aMisc.T-0029$bIst. 9330$fILFGE 952 $a042.001.TRI$b530-656$fDECGE 959 $aDECGE 959 $aILFGE 996 $aEnseignement de la géographie au niveau universitaire$9155160 997 $aUNINA LEADER 01040nam a2200289 i 4500 001 991000967079707536 005 20020507180747.0 008 970317s1953 us ||| | eng 035 $ab1078245x-39ule_inst 035 $aLE01305016$9ExL 040 $aDip.to Matematica$beng 082 0 $a510.9 084 $aAMS 45-02 084 $aAMS 45-XX 100 1 $aHilbert, David$09967 245 10$aGrundzuge einer allgmeinen Theorie der linearen Integralgleichungen /$cDavid Hilbert 260 $aNew York . Chelsea Pub. :$c1953 300 $axxvi, 282 p. ;$c21 cm. 650 4$aCollected works 650 4$aIntegral equations 650 4$aIntegral equations-history 907 $a.b1078245x$b21-09-06$c28-06-02 912 $a991000967079707536 945 $aLE013 01A75 HIL14 (1953)$g1$i2013000079431$lle013$o-$pE0.00$q-$rl$s- $t0$u0$v0$w0$x0$y.i10882224$z28-06-02 996 $aGrundzuge einer allgmeinen Theorie der linearen Integralgleichungen$9921982 997 $aUNISALENTO 998 $ale013$b01-01-97$cm$da $e-$feng$gus $h0$i1 LEADER 00917nam a2200241 a 4500 001 991000098409707536 008 090227s1992 it 000 0 ita d 020 $a8879990055 035 $ab13814096-39ule_inst 040 $aSet. Economia - SEMS$bita 082 0 $a512.076 100 1 $aCampanella, Giulio $0352122 245 10$aApplicazioni lineari, forme bilineari e quadratiche /$cGiulio Campanella 260 $aRoma :$bAracne,$c1992 300 $a86 p. ;$b25 cm 440 0$aCollana di esercizi di algebra lineare e geometria geometria ;$v3 650 4$aAlgebra lineare$vProntuari ed esercizi 907 $a.b13814096$b27-02-09$c27-02-09 912 $a991000098409707536 945 $aLE025 ECO 512 CAM01.03$g1$i2025000116528$lle025$o-$pE0.00$q-$rl$s- $t0$u0$v0$w0$x0$y.i14935909$z27-02-09 996 $aApplicazioni lineari$91425102 997 $aUNISALENTO 998 $ale025$b27-02-09$cm$da $e-$fita$git $h0$i0